[Event "20th Croatian Cup"]
[Site "Sibenik CRO"]
[Date "2011.05.20"]
[Round "4.21"]
[White "Kurajica,B"]
[Black "Saric,Iv"]
[Result "1/2-1/2"]
[WhiteElo "2531"]
[BlackElo "2637"]

1.d4 d5 2.c4 c6 3.Nf3 Nf6 4.Qb3 a6 5.Nbd2 Nbd7 6.a4 e6 7.g3 Qa5 8.Bg2 b5
9.cxd5 cxd5 10.O-O Be7 11.Ne5 Nxe5 12.dxe5 Nd7 13.e4 d4 14.Qd1 Nc5 15.Nf3 Bb7
16.Nxd4 Rd8 17.Be3 bxa4 18.Qc2 O-O 19.Qc4 Qb6 20.Rfb1 Rc8 21.Qe2 Qb4 22.Nc2 Qb5
23.Nd4 Qxe2 24.Nxe2 Rfd8 25.Rd1 Nd3 26.Bb6 Rd7 27.Rxa4 Rc2 28.Nc3 Nxe5 29.Rad4 Rxd4
30.Bxd4 Nc6 31.Be3 Rxb2 32.Na4 Rb4 33.Nc5 Bc8 34.Rc1 Nd8 35.e5 Rb8 36.Ra1 f6
37.Nxa6 Rb5 38.exf6 Bxf6 39.Nc7 Bxa1 40.Nxb5 Bb7  1/2-1/2

[Event "84th ch-St Petersburg"]
[Site "St Petersburg RUS"]
[Date "2011.05.21"]
[Round "1"]
[White "Shimanov,A"]
[Black "Fedoseev,Vl3"]
[Result "0-1"]
[WhiteElo "2583"]
[BlackElo "2506"]

1.d4 d5 2.c4 c6 3.Nf3 Nf6 4.Qb3 e6 5.Bg5 Nbd7 6.Nc3 Be7 7.e3 O-O 8.Be2 a6
9.O-O h6 10.Bh4 b6 11.a4 dxc4 12.Qxc4 Bb7 13.Rfd1 b5 14.Qb3 b4 15.a5 Rb8
16.Nb1 c5 17.Nbd2 cxd4 18.Nxd4 Nc5 19.Qc2 Rc8 20.Nc4 Nfd7 21.Bg3 Be4 22.Qd2 Bd5
23.Nd6 Rb8 24.e4 Ba8 25.Qe3 Bg5 26.Qf3 Bf6 27.Qe3 Bg5 28.Qf3 Bf6 29.Nb3 Bxb2
30.Rab1 Bc3 31.Nxc5 Nxc5 32.Qe3 Qxa5 33.Nc4 Qa2 34.Bxb8 Rxb8 35.f3 Nb3 36.Kf1 Bc6
37.Bd3 Ba4 38.Qe2 Qxe2+ 39.Bxe2 Nd4 40.Rdc1 Nxe2  0-1

[Event "20th Croatian Cup"]
[Site "Sibenik CRO"]
[Date "2011.05.22"]
[Round "6.31"]
[White "Kurajica,B"]
[Black "Galic,I2"]
[Result "1-0"]
[WhiteElo "2531"]
[BlackElo "2349"]

1.Nf3 Nf6 2.d4 d5 3.c4 c6 4.Qc2 dxc4 5.Qxc4 Bf5 6.g3 e6 7.Bg2 Nbd7 8.O-O Be7
9.e3 O-O 10.Qe2 c5 11.Nc3 Ne4 12.Ne1 Ndf6 13.f3 Nxc3 14.bxc3 Bg6 15.Bb2 Qc7
16.e4 c4 17.Nc2 Nd7 18.a4 Rac8 19.Ne3 Qa5 20.f4 f6 21.Bh3 Bf7 22.e5 f5 23.Nxf5 exf5
24.e6 Nb6 25.exf7+ Rxf7 26.Qe5 Nd5 27.Bxf5 Bf6 28.Qe4 Rcf8 29.Be6 Nxc3 30.Bxc3 Qxc3
31.Rac1 Qxd4+ 32.Qxd4 Bxd4+ 33.Kg2 c3 34.Rfd1 Bf6 35.Rd7 g6 36.Rxb7 Kg7 37.Rxf7+ Rxf7
38.Bxf7 Kxf7 39.Re1  1-0

[Event "Zonal 3.3"]
[Site "Tagaytay City PHI"]
[Date "2011.05.26"]
[Round "4"]
[White "Barus,C"]
[Black "Gunbayar,M"]
[Result "1/2-1/2"]
[WhiteElo "2443"]
[BlackElo "2334"]

1.d4 d5 2.Nf3 Nf6 3.c4 c6 4.Qc2 e6 5.g3 Nbd7 6.Bg2 Be7 7.O-O O-O 8.Bf4 Nh5
9.Bc1 f5 10.Rd1 Qe8 11.b3 Nhf6 12.Bg5 Bd6 13.e3 Ne4 14.Bf4 Be7 15.Nc3 Qh5
16.Rac1 g5 17.Bc7 g4 18.Nd2 Ng5 19.Ne2 Nf6 20.Nf4 Qf7 21.Be5 Nfe4 22.Qd3 Bb4
23.Nb1 h5 24.a3 Be7 25.b4 Qh7 26.Nd2 h4 27.Qe2 Nxd2 28.Rxd2 Kf7 29.Rdc2 Bd7
30.Nd3 Bf6 31.Kf1 Rac8 32.Ke1 hxg3 33.hxg3 Qh2 34.Qf1 Rh8 35.Kd2 Qh6 36.Kc3 Qg7
37.Kb2 Bxe5 38.Nxe5+ Kf6 39.b5 Qe7 40.bxc6 bxc6 41.cxd5 cxd5 42.Rc7 Rxc7
43.Rxc7 Rb8+ 44.Ka2 Bb5 45.Rxe7 Bxf1 46.Rxa7 Bb5 47.a4 Be8 48.f4 gxf3 49.Bxf3 Rb4
50.Bd1 Ne4 51.Bc2 Nxg3 52.Ka3 Rb8 53.Bd3 Nh5 54.a5 f4 55.exf4 Nxf4 56.a6 Rc8
57.Kb3 Nxd3 58.Nxd3 Rc4 59.Nc5 Bb5  1/2-1/2

[Event "XXX Zalakaros Open"]
[Site "Zalakaros HUN"]
[Date "2011.05.26"]
[Round "7"]
[White "Banusz,T"]
[Black "Berczes,D"]
[Result "1-0"]
[WhiteElo "2555"]
[BlackElo "2531"]

1.d4 d5 2.Nf3 Nf6 3.c4 c6 4.Qb3 e6 5.Bg5 h6 6.Bh4 dxc4 7.Qxc4 b5 8.Qd3 Nbd7
9.e4 Bb7 10.Nbd2 a6 11.a4 g5 12.Bg3 Bb4 13.e5 Nh5 14.Be2 g4 15.Nh4 Qg5 16.Rd1 Rd8
17.Qc2 Nxg3 18.hxg3 c5 19.axb5 cxd4 20.O-O O-O 21.bxa6 Bd5 22.Nc4 Bc5 23.Qa4 h5
24.Rfe1 Bxc4 25.Bxc4 Nxe5 26.Bd3 Rb8 27.Be4 Ba7 28.Bb7 Rfd8 29.Kh1 Qf6 30.Qb5 Ng6
31.Qxh5 Kg7 32.Qxg4 Rh8 33.Be4 Rb6 34.Bxg6 fxg6 35.Rxd4 Rxa6 36.Rd7+ Kg8
37.Qc4  1-0

[Event "XX Guillermo Garcia Mem Talents"]
[Site "Santa Clara CUB"]
[Date "2011.05.27"]
[Round "5.2"]
[White "Ochoa de la Rosa,M"]
[Black "Bueno Perez,Jesus Angel"]
[Result "1-0"]
[WhiteElo "2149"]
[BlackElo "2063"]

1.d4 d5 2.c4 c6 3.Nf3 Nf6 4.Qc2 e6 5.Nbd2 Nbd7 6.g3 Bd6 7.Bg2 O-O 8.O-O Qe7
9.e4 dxe4 10.Nxe4 Nxe4 11.Qxe4 Nf6 12.Qe2 c5 13.dxc5 Bxc5 14.Ne5 Nd7 15.Nd3 Bd6
16.b4 Bxb4 17.Nxb4 Qxb4 18.a4 Re8 19.Ba3 Qb6 20.Rfd1 Nf6 21.Bd6 e5 22.c5 Qa5
23.Qb5 Qxb5 24.axb5 e4 25.Rd4 Bd7 26.Bf1 h6 27.Rda4 a6 28.c6 Bc8 29.Bc4 bxc6
30.bxc6 Be6 31.Bxa6 Bd5 32.Bb5 Rac8 33.c7 Re6 34.Ba6 Rce8 35.Bf4 g5 36.Be3 Rc6
37.Bd4 Nd7 38.c8=Q Rcxc8 39.Bxc8 Rxc8 40.Ra5 Be6 41.h4 gxh4 42.gxh4 Kh7 43.h5 Rc4
44.R5a4 Rxa4 45.Rxa4 Bg4 46.Ra7 f6 47.Bxf6 Kg8 48.Bd4 Kf7 49.Kh2 Ke7 50.Ra5 Nb8
51.Be3 Nc6 52.Rc5 Kd6 53.Kg3 Be6 54.Rc1 Ke7 55.Rxc6  1-0

[Event "84th ch-St Petersburg"]
[Site "St Petersburg RUS"]
[Date "2011.05.27"]
[Round "7"]
[White "Usmanov,V"]
[Black "Bazeev,G"]
[Result "1-0"]
[WhiteElo "2289"]
[BlackElo "2315"]

1.d4 d5 2.Nf3 Nf6 3.c4 c6 4.Qc2 g6 5.e3 Bg7 6.Nbd2 O-O 7.Bd3 Nbd7 8.O-O c5
9.b3 b6 10.Bb2 Bb7 11.Rac1 Rc8 12.Qb1 cxd4 13.Bxd4 dxc4 14.Bxc4 e5 15.Bb2 e4
16.Ng5 Qe7 17.Rfd1 h6 18.Nh3 Ne5 19.Nf4 Kh8 20.Bxe5 Qxe5 21.Bxf7 Qb8 22.Nxg6+ Kh7
23.Nxf8+ Rxf8 24.Be6 Qe5 25.Bh3 b5 26.Nf3 Qh5 27.Rc7 Bd5 28.Rc5 Kh8 29.Nd4 Rg8
30.Ne6 Bf8 31.Nf4  1-0

[Event "Zonal 3.3 Women"]
[Site "Tagaytay City PHI"]
[Date "2011.05.27"]
[Round "6"]
[White "Enkhtuul,A"]
[Black "Pham Thi Thu Hien"]
[Result "0-1"]
[WhiteElo "2154"]
[BlackElo "2117"]

1.d4 d5 2.c4 c6 3.Nf3 Nf6 4.g3 g6 5.Bg2 Bg7 6.O-O O-O 7.Qb3 Qb6 8.c5 Qxb3
9.axb3 Nbd7 10.b4 Ne4 11.Nc3 Re8 12.Rd1 f5 13.e3 e5 14.Ne2 a6 15.Ra2 h6 16.b3 Nef6
17.Bf1 e4 18.Ne1 Nf8 19.Nc3 Bd7 20.Bd2 Rab8 21.Rda1 g5 22.Nc2 Ng6 23.Na4 Be6
24.Nb6 Nd7 25.Nxd7 Bxd7 26.Bh3 Rf8 27.b5 cxb5 28.Ba5 Rbc8 29.Bb4 Rf7 30.Bd2 Ne7
31.Nb4 Be6 32.Rd1 Nc6 33.Nxc6 Rxc6 34.Bc1 Kh7 35.b4 Bf6 36.Bg2 Bd8 37.f3 Bd7
38.g4 Rcf6 39.gxf5 exf3 40.Bxf3 Rxf5 41.Bg2 Bc6 42.e4 dxe4 43.d5 Bxd5 44.Rxd5 Rxd5
45.Bxe4+ Rdf5 46.Rd2 Be7 47.Bxf5+ Rxf5 48.Rd7 Rf7 49.Kg2 Kg6 50.Rxb7 Bd8
51.Rb8 Bc7 52.Ra8 Rf6 53.Bb2 Rc6 54.Rc8 Kf5 55.Bg7 h5 56.Bf8 Ke6 57.h3 Kd5
58.Kf3 Be5 59.Rd8+ Kc4 60.Ke4 Bc3 61.Rd1 Re6+ 62.Kf5 Rf6+ 63.Kxg5 Rxf8 64.c6 Rc8
65.Kxh5 Rxc6 66.Kg5 Kxb4 67.h4 a5 68.h5 a4  0-1

[Event "Chicago Open"]
[Site "Wheeling USA"]
[Date "2011.05.27"]
[Round "2"]
[White "Hungaski,R"]
[Black "Ramirez,Alej"]
[Result "1-0"]
[WhiteElo "2452"]
[BlackElo "2579"]

1.Nf3 d5 2.d4 Nf6 3.c4 c6 4.Qb3 dxc4 5.Qxc4 Bf5 6.g3 e6 7.Bg2 Nbd7 8.O-O Be7
9.Rd1 O-O 10.e3 e5 11.Nc3 Be6 12.Qf1 exd4 13.Nxd4 Bg4 14.f3 Bh5 15.e4 Qb6
16.Kh1 Rfd8 17.Nf5 Bf8 18.Qe2 Ne5 19.Be3 Qb4 20.Bd4 Re8 21.g4 Nfxg4 22.fxg4 Bxg4
23.Qf2 Bxd1 24.Rxd1 g6 25.Qf4 Rad8 26.Nd5 cxd5 27.Bxe5 dxe4 28.Rf1 Rd7 29.Bc3 Qc4
30.Ne3 Qa6 31.Ng4 Re6 32.Qb8 f6 33.Bxf6  1-0

[Event "XX Guillermo Garcia Mem Elite"]
[Site "Santa Clara CUB"]
[Date "2011.05.28"]
[Round "7.2"]
[White "Borges Mateos,J"]
[Black "Miranda Mesa,E"]
[Result "1/2-1/2"]
[WhiteElo "2451"]
[BlackElo "2382"]

1.d4 d5 2.c4 c6 3.Nf3 Nf6 4.Qc2 dxc4 5.Qxc4 Bf5 6.g3 e6 7.Bg2 Nbd7 8.O-O Be7
9.Nc3 O-O 10.Re1 Ne4 11.Qb3 Qb6 12.Nh4 Bxh4 13.gxh4 Nef6 14.e4 Bg6 15.Be3 e5
16.h3 Bh5 17.dxe5 Qxb3 18.axb3 Nxe5 19.Ra5 Rfe8 20.Bd4 Nfd7 21.f4 Nd3 22.Rf1 c5
23.Be3 b6 24.Raa1  1/2-1/2

[Event "29th Liechtenstein Open"]
[Site "Triesen LIE"]
[Date "2011.05.28"]
[Round "2.5"]
[White "Spirin,O"]
[Black "Meertens,Mart"]
[Result "1-0"]
[WhiteElo "2479"]
[BlackElo "2172"]

1.d4 d5 2.Nf3 Nf6 3.c4 c6 4.Qb3 Qb6 5.Nc3 Qxb3 6.axb3 g6 7.Bf4 Nbd7 8.e3 Bg7
9.cxd5 Nxd5 10.Nxd5 cxd5 11.Bb5 O-O 12.O-O Nb6 13.Rfc1 a6 14.Bd3 Bd7 15.Bc7 Nc8
16.Ra5 e6 17.Ne5 Bxe5 18.Bxe5 Na7 19.Rac5 f6 20.Bd6 Rfc8 21.h4 Rc6 22.Rxc6 Bxc6
23.f3 Kf7 24.g4 Rc8 25.Rc5 Bd7 26.g5 Rxc5 27.Bxc5 Nb5 28.gxf6 Kxf6 29.Kf2 e5
30.dxe5+ Kxe5 31.Bf8 Kf6 32.Bc5 Bf5 33.e4 dxe4 34.fxe4 Be6 35.b4 Ke5 36.Ke3 Bb3
37.Bf8 Kf6 38.Bh6 Ke6 39.Bg7 Kf7 40.Be5 Ke6 41.Bf4 Kd7 42.Be2 Be6 43.Be5 Ke7
44.Kf4 Na7 45.Kg5 Nc6 46.Bc3 Kf7 47.b5 axb5 48.Bxb5 h5 49.Bd3 Ne7 50.Kf4 Nc6
51.b4 Nd8 52.b5 Bb3 53.Ke5 Ne6 54.Bd2 Ke7 55.b6 Ba4 56.Bc4 Nd8 57.Bg5+ Ke8
58.Bxd8 Kxd8 59.Bd5 Bc6 60.Bxc6 bxc6 61.Kd6 Kc8 62.Kxc6  1-0

[Event "Chicago Open"]
[Site "Wheeling USA"]
[Date "2011.05.28"]
[Round "4"]
[White "Sadorra,J"]
[Black "Coraretti,B"]
[Result "1-0"]
[WhiteElo "2498"]
[BlackElo "2051"]

1.d4 d5 2.c4 c6 3.Nf3 Nf6 4.Nbd2 Bf5 5.Nh4 Be6 6.e3 g6 7.Nhf3 Bf5 8.Nh4 Bc8
9.Bd3 Bg7 10.O-O O-O 11.Nhf3 Nbd7 12.cxd5 cxd5 13.h3 b6 14.b3 Bb7 15.Ba3 Ne4
16.Rc1 h6 17.Qe2 Nb8 18.Ne5 Bxe5 19.dxe5 Nxd2 20.Qxd2 Qd7 21.e6 Qxe6 22.Rc7 Bc6
23.Rxe7 Qf6 24.Rc7 Qe5 25.Bxf8 Qxc7 26.Bxh6 Nd7 27.Qc3  1-0

[Event "e2e4 Sunningdale Open"]
[Site "Ascot ENG"]
[Date "2011.05.29"]
[Round "4"]
[White "Nelson,O"]
[Black "Craft,Isaac"]
[Result "0-1"]
[WhiteElo "2072"]
[BlackElo "1909"]

1.d4 d5 2.Nf3 Nf6 3.c4 c6 4.g3 dxc4 5.a4 e6 6.Bg2 Be7 7.O-O O-O 8.Nbd2 b6
9.Nxc4 Bb7 10.Nfe5 Qc8 11.Bg5 Nbd7 12.Rc1 c5 13.Bh3 Rd8 14.b4 Nxe5 15.Nxe5 Rxd4
16.Qxd4 cxd4 17.Rxc8+ Rxc8 18.Rd1 Bxb4 19.Rxd4 Bc3  0-1

[Event "3rd Orissa Open"]
[Site "Bhubaneswar IND"]
[Date "2011.05.29"]
[Round "2"]
[White "Shetty,R"]
[Black "Petrosian,TL"]
[Result "0-1"]
[WhiteElo "2261"]
[BlackElo "2634"]

1.d4 d5 2.c4 c6 3.Nf3 Nf6 4.Qc2 dxc4 5.Qxc4 Bf5 6.g3 e6 7.Bg2 Be7 8.O-O O-O
9.Rd1 Nbd7 10.e3 Qc7 11.Nc3 e5 12.h3 Rad8 13.Qe2 Bb4 14.e4 Bxc3 15.exf5 Bxd4
16.Nxd4 exd4 17.Rxd4 Qa5 18.g4 Rfe8 19.Be3 Nb6 20.Rxd8 Rxd8 21.Qe1 Qxe1+
22.Rxe1 h6 23.b3 Nfd5 24.Bd2 f6 25.Bf1 Kf7 26.h4 Nc7 27.Bf4 Nb5 28.Bxb5 cxb5
29.Be3 Nd7 30.Kg2 Ne5 31.Kg3 Rd3 32.Re2 Rd1 33.f4 Nc6 34.Rd2 Rxd2 35.Bxd2 h5
36.gxh5 Nd4 37.Kg4 b6 38.Bc3 Nc6 39.Kf3 b4 40.Bd2 Ke7 41.Ke4 Kd6 42.Be3 Ne7
43.h6 gxh6 44.Bd4 Nd5 45.h5 Kc6 46.Kf3 Kd7 47.Ke4 Kd6 48.Bb2 Nc3+ 49.Kd3 Kd5
50.a3 Ne4 51.axb4 Ng3 52.Bxf6 Nxh5 53.Be5 b5 54.Ke3 Ng3 55.f6 Ke6 56.Kd4 Nf5+
57.Kc5 h5 58.Kxb5 h4 59.Ka6 h3 60.Kxa7 h2 61.b5 h1=Q 62.b6 Qg1 63.b4 Nd6
64.Bxd6 Kxd6 65.f7 Qa1+  0-1

[Event "IV Sudety Open"]
[Site "Szklarska Poreba POL"]
[Date "2011.05.30"]
[Round "2"]
[White "Ufimtsev,E"]
[Black "Musialkiewicz,J"]
[Result "0-1"]
[WhiteElo "1863"]
[BlackElo "2128"]

1.Nf3 Nf6 2.c4 c6 3.d4 d5 4.Qb3 dxc4 5.Qxc4 Bf5 6.Nc3 e6 7.g3 Be7 8.Bg2 Nbd7
9.O-O O-O 10.Re1 Ne4 11.Qb3 Qb6 12.Nh4 Qxb3 13.axb3 Bb4 14.Nxf5 exf5 15.Ra4 a5
16.Bxe4 fxe4 17.Bd2 Nf6 18.Rea1 Rad8 19.e3 c5 20.Nb1 b5 21.Bxb4 axb4 22.Ra5 cxd4
23.Rxb5 dxe3 24.fxe3 Ng4  0-1

[Event "3rd Orissa Open"]
[Site "Bhubaneswar IND"]
[Date "2011.06.03"]
[Round "8"]
[White "Bakre,T"]
[Black "Debashis,D"]
[Result "1-0"]
[WhiteElo "2518"]
[BlackElo "2392"]

1.d4 d5 2.c4 c6 3.Nf3 Nf6 4.Nbd2 Bf5 5.Nh4 Bc8 6.e3 g6 7.Be2 Bg7 8.O-O O-O
9.Nhf3 e6 10.b4 b6 11.a4 Nbd7 12.Ba3 Re8 13.Rc1 Bb7 14.Qb3 Rc8 15.Rc2 Ba8
16.Rfc1 Bf8 17.Qb2 Rb8 18.Qa1 Ne4 19.Nxe4 dxe4 20.Nd2 e5 21.d5 cxd5 22.cxd5 Bxd5
23.Bb5 Bd6 24.Rd1 Qe7 25.Nf1 Bb3 26.Rcd2 Bxd1 27.Qxd1 Red8 28.Rxd6 Nf6 29.Rxd8+ Rxd8
30.Qc2 Nd5 31.Qb3 Kg7 32.Bc4 Qd7 33.Bb2 Qd6 34.b5 f6 35.h3 h5 36.Ng3 Ne7
37.Nxe4 Qd1+ 38.Kh2 Qxb3 39.Bxb3 Nf5 40.g4 hxg4 41.hxg4 Nd6 42.Ng3 Rc8 43.g5 Nc4
44.gxf6+ Kxf6 45.Bc3 Nd6 46.Bb4 Nc4 47.Kg2 Rc7 48.Ne4+ Kf5 49.Kf3  1-0

[Event "FSGM June"]
[Site "Budapest HUN"]
[Date "2011.06.04"]
[Round "1"]
[White "Berczes,D"]
[Black "Szabo,Krisz1"]
[Result "1/2-1/2"]
[WhiteElo "2531"]
[BlackElo "2512"]

1.d4 d5 2.c4 c6 3.Nf3 Nf6 4.Qc2 g6 5.e3 Bg7 6.Nc3 O-O 7.Bd3 dxc4 8.Bxc4 c5
9.O-O cxd4 10.Nxd4 Nc6 11.Nxc6 bxc6 12.h3 Qc7 13.Bd2 Bb7 14.e4 Rad8 15.Be3 c5  1/2-1/2

[Event "Mayor's Cup of Good Wine"]
[Site "Hustopece CZE"]
[Date "2011.06.04"]
[Round "4"]
[White "Jirovsky,M"]
[Black "Laznicka,V"]
[Result "0-1"]
[WhiteElo "2466"]
[BlackElo "2681"]

1.Nf3 d5 2.d4 Nf6 3.c4 c6 4.Qb3 dxc4 5.Qxc4 Bg4 6.Nbd2 e6 7.g3 Nbd7 8.Bg2 Be7
9.O-O O-O 10.b3 a5 11.a3 Rc8 12.Bb2 b5 13.Qd3 Bf5 14.e4 Nc5 15.Qe2 Ncxe4
16.Nb1 h6 17.Ne5 Qb6 18.g4 Bh7 19.h4 Rfd8 20.Nd2 Nxd2 21.Qxd2 Nd7 22.Nf3 c5
23.Rac1 c4 24.bxc4 bxc4 25.g5 hxg5 26.Bc3 Bxa3 27.Bxa5 Bxc1 28.Rxc1 Qb5 29.Bxd8 Rxd8
30.Nxg5 Bd3 31.Be4 Bxe4 32.Nxe4 Qd5 33.Qe2 Rc8 34.Ng5 Nf6 35.Qe3 Ne8 36.h5 Nd6
37.h6 gxh6 38.Nh3 Nf5 39.Qe2 Nxd4 40.Qg4+ Kh7 41.Qf4 Ne2+  0-1

[Event "TCh-FRA Top 12 2011"]
[Site "Mulhouse FRA"]
[Date "2011.06.04"]
[Round "10"]
[White "Varga,P1"]
[Black "Nezar,M"]
[Result "1/2-1/2"]
[WhiteElo "2411"]
[BlackElo "2405"]

1.d4 d5 2.c4 c6 3.Nf3 Nf6 4.Qc2 e6 5.Bg5 Nbd7 6.cxd5 exd5 7.Nc3 Be7 8.e3 Nh5
9.Bxe7 Qxe7 10.O-O-O Nb6 11.Ne5 g6 12.Bd3 Be6 13.Kb1 f6 14.Nf3 O-O-O 15.Rc1 Kb8
16.Na4 Nxa4 17.Qxa4 Rc8 18.Rc3 Rc7 19.Rhc1 Bd7 20.Nd2 Ng7 21.Qa3 Qxa3 22.Rxa3 Bf5
23.Kc2 c5 24.dxc5 Rxc5+ 25.Kd1 Rhc8 26.Rxc5 Rxc5 27.Nb3 Rc8 28.Nd4 Bxd3 29.Rxd3 Rd8
30.g4 Kc7 31.Rc3+ Kb6 32.b4 h5 33.gxh5 Nxh5 34.Rc5 f5 35.a4 a6 36.a5+ Ka7
37.Rc6 Rg8 38.Rd6 Kb8 39.Nb3 Kc7 40.Rb6 Rg7 41.Nc5 Kc8 42.Kd2 d4 43.exd4 Nf4
44.Ne6 Nxe6 45.Rxe6 g5 46.Rf6 f4 47.Rf5 Rh7 48.Rxg5 Rxh2 49.Ke2 Rh3 50.b5 axb5
51.Rxb5 Ra3 52.Rf5 Kc7 53.Rxf4 Rxa5 54.Kd3 b5 55.Rf5 Ra2 56.f4 Rb2 57.Kc3 Rb1
58.Rc5+ Kd6 59.Kc2 Rb4 60.Kd3 Rb1 61.Ke4 b4 62.Rb5 b3  1/2-1/2

[Event "TCh-BIH 2011"]
[Site "Neum BIH"]
[Date "2011.06.04"]
[Round "1.5"]
[White "Kurajica,B"]
[Black "Dimitrijevic,A"]
[Result "1-0"]
[WhiteElo "2531"]
[BlackElo "2263"]

1.Nf3 d5 2.d4 Nf6 3.c4 c6 4.Qb3 e6 5.g3 Be7 6.Bg2 O-O 7.O-O Na6 8.Nc3 h6
9.Ne5 Nd7 10.Nxd7 dxc4 11.Qxc4 Bxd7 12.a3 b5 13.Qd3 Nc7 14.e4 a5 15.Bf4 Na6
16.Rfd1 Re8 17.Qf3 Qc8 18.Rdc1 Qb7 19.e5 f5 20.exf6 Bxf6 21.Qe3 Nc7 22.Bxc7 Qxc7
23.Ne4 Be7 24.Rc2 Rac8 25.Rac1 Qd8 26.h4 b4 27.Nc5 Bf6 28.axb4 axb4 29.Rc4 e5
30.Nxd7 Qxd7 31.Bxc6 Rxc6 32.Rxc6 exd4 33.Qb3+ Kh8 34.Rc7 Qg4 35.Qf7 Rd8
36.Qc4 Kh7 37.Qd3+ Kh8 38.R1c6 Rf8 39.Kg2 Kg8 40.f3 Qh5 41.Rc8 Qd5 42.Rxf8+ Kxf8
43.Rc8+ Kf7 44.b3 Qe6 45.Rc7+ Kg8 46.h5 Be5 47.Qc4 Qxc4 48.Rxc4 d3 49.Rc8+ Kf7
50.Rd8  1-0

[Event "18th Ratten Open"]
[Site "Ratten AUT"]
[Date "2011.06.04"]
[Round "4.1"]
[White "Antic,Dr"]
[Black "Bachner,K"]
[Result "1-0"]
[WhiteElo "2144"]
[BlackElo "1878"]

1.d4 d5 2.c4 c6 3.Nf3 Nf6 4.g3 e6 5.Bg2 Nbd7 6.O-O Bd6 7.b3 O-O 8.Bb2 Ne4
9.Nc3 f5 10.Qc2 b6 11.Nd2 Bb7 12.cxd5 exd5 13.Ndxe4 fxe4 14.f3 exf3 15.Bxf3 Nf6
16.e4 dxe4 17.Nxe4 Nd5 18.Rf2 Be7 19.a3 Qd7 20.Re1 Rae8 21.Qd1 Nf6 22.Ng5 Bd8
23.Ree2 Rxe2 24.Rxe2 Re8 25.Qe1 Rxe2 26.Qxe2 Qe7 27.Ne6 Kf7 28.Nxd8+ Qxd8
29.Qc4+ Nd5 30.Bc1 Qe7 31.b4 Qe1+ 32.Kg2 Qe6 33.Kf2 Nf6 34.Qd3 g6 35.Bd2 Qh3
36.Kg1 Qe6 37.Bf4 Nd5 38.Be5 Nf6 39.Qc3 Ng8 40.Qc2 Qf5 41.Qxf5+ gxf5 42.b5 Ne7
43.a4 Ke6 44.Bb8 a6 45.h4 axb5 46.axb5 Nd5 47.bxc6 Bxc6 48.Kf2 Nb4 49.Bd1 b5
50.Ke3 Bd5 51.g4 Be4 52.gxf5+ Kxf5 53.Bd6 Nd5+ 54.Kd2 Bb1 55.h5 Ke4 56.Bc5 Nf4
57.h6 Kf5 58.Bb3 Kg5 59.Bf8 Ng6 60.Bg7 Ne7 61.d5 Nf5 62.Kc3 Nxh6 63.d6 Bf5
64.Bc2 Bxc2 65.Bxh6+ Kf6 66.Kxc2 Ke6 67.Bf4  1-0

[Event "TCh-BUL GpA Men"]
[Site "Albena BUL"]
[Date "2011.06.05"]
[Round "4.1"]
[White "Jovchev,A"]
[Black "Vasilev,M"]
[Result "0-1"]
[WhiteElo "2282"]
[BlackElo "2474"]

1.d4 d5 2.c4 c6 3.Nf3 dxc4 4.e3 Be6 5.Nc3 b5 6.Be2 Nf6 7.O-O Nbd7 8.Ng5 Bf5
9.e4 Bg6 10.e5 Nd5 11.e6 N7f6 12.Re1 fxe6 13.Nxe6 Qc8 14.Nxd5 cxd5 15.Bg4 Qc6
16.Bg5 h5 17.Bxf6 gxf6 18.Bf3 Rc8 19.Qe2 Qd6 20.Bxd5 Qxd5 21.Nxf8 Kxf8 22.Qxe7+ Kg8
23.Qxf6 Rc6 24.Qf4 Re6 25.Qb8+ Kg7 26.Qxa7+ Kh6 27.Qa5 Rhe8 28.Qd2+ Qg5 29.Qc3 Be4
30.f3 Bd5 31.Rxe6+ Rxe6 32.Re1 Rg6 33.g3 Re6 34.Re5 Rxe5 35.dxe5 Kh7 36.Kf2 Qf5
37.a3 Kg6 38.Qe3 Qc2+ 39.Qe2 Qxe2+ 40.Kxe2 Kf5 41.g4+ Kf4 42.gxh5 Bxf3+ 43.Kf2 Bxh5
44.Ke1 Kxe5  0-1

[Event "TCh-FRA Top 12 2011"]
[Site "Mulhouse FRA"]
[Date "2011.06.05"]
[Round "11"]
[White "Song,Ju"]
[Black "Reinhart,E"]
[Result "1-0"]
[WhiteElo "2325"]
[BlackElo "2357"]

1.d4 c6 2.Nf3 Nf6 3.c4 d5 4.Qb3 dxc4 5.Qxc4 Bf5 6.g3 e6 7.Bg2 Nbd7 8.O-O Be7
9.Nc3 O-O 10.Qb3 Qb6 11.Nd2 Qxb3 12.axb3 Bc2 13.Nc4 a5 14.Bf4 Bb4 15.Bc7 Bxb3
16.Nxa5 Ne8 17.Bd8 Nd6 18.Be7 Rxa5 19.Rxa5 Bxa5 20.Bxd6 Ra8 21.Ra1 Nb6 22.Ne4 Nc4
23.Nc5 Nxd6 24.Nxb3 Nc4 25.e3 b6 26.Bxc6 Rc8 27.Bd7 Rc7 28.Bb5 Nd6 29.Bd3 g6
30.Nxa5 bxa5 31.Rxa5 Rc1+ 32.Kg2 Rd1 33.Bc2 Rc1 34.Rc5 Kf8 35.Bxg6 Ra1 36.Bxh7 Ra2
37.Rc2 f5 38.Bg6 Ne4 39.Bh5  1-0

[Event "TCh-SLO"]
[Site "Lasko SLO"]
[Date "2011.06.11"]
[Round "8"]
[White "Podkriznik,G"]
[Black "Brusnjak,Saso"]
[Result "1-0"]
[WhiteElo "2354"]
[BlackElo "2083"]

1.Nf3 d5 2.d4 Nf6 3.c4 c6 4.Qc2 e6 5.Bg5 Be7 6.e3 O-O 7.Nc3 Ne4 8.Bxe7 Qxe7
9.Bd3 f5 10.O-O Nd7 11.Rab1 h6 12.b4 g5 13.Nd2 Nxd2 14.Qxd2 Nf6 15.f3 e5
16.cxd5 cxd5 17.dxe5 Qxe5 18.Bc2 b6 19.Bb3 Bb7 20.Rfe1 Kh8 21.Nb5 a6 22.Nd4 g4
23.Kh1 f4 24.e4  1-0

[Event "TCh-SLO"]
[Site "Lasko SLO"]
[Date "2011.06.12"]
[Round "9"]
[White "Sitnik,I"]
[Black "Rajkovic,R"]
[Result "1-0"]
[WhiteElo "2238"]
[BlackElo "2020"]

1.d4 d5 2.c4 c6 3.Nf3 Nf6 4.Nbd2 e6 5.e3 Bd6 6.b3 O-O 7.Bd3 Nbd7 8.Bb2 c5
9.O-O b6 10.cxd5 exd5 11.e4 cxd4 12.exd5 Nc5 13.Bb5 Nxd5 14.Bc6 Bb7 15.Bxb7 Nxb7
16.Nxd4 Re8 17.Qf3 Nc5 18.Nc4 Bf8 19.Nf5 Nf6 20.Rad1 Ncd7 21.Nh6+ gxh6 22.Qg3+ Bg7
23.Rxd7 Nh5 24.Rxd8 Nxg3 25.Rxe8+ Rxe8  1-0

[Event "Voronezh FIDE Open"]
[Site "Voronezh RUS"]
[Date "2011.06.12"]
[Round "1.32"]
[White "Katkov,V"]
[Black "Danilov,Yuri"]
[Result "1-0"]
[WhiteElo "2091"]
[BlackElo "1785"]

1.d4 d5 2.Nf3 c6 3.c4 Nf6 4.Qc2 Nbd7 5.cxd5 cxd5 6.Bf4 e6 7.Nbd2 Bb4 8.a3 Ba5
9.e3 Ne4 10.b4 Nxd2 11.Nxd2 Bb6 12.Bd3 f5 13.Nf3 Qe7 14.O-O O-O 15.Rfc1 Qd8
16.Bc7 Bxc7 17.Qxc7 Qxc7 18.Rxc7 h6 19.Rac1 a6 20.h4 b5 21.R1c6 Rb8 22.Rxe6 Rb7
23.Rxb7 Bxb7 24.Rd6 Nf6 25.Bxf5 Kf7 26.Ne5+ Ke7 27.Rb6  1-0

[Event "Voronezh FIDE Open"]
[Site "Voronezh RUS"]
[Date "2011.06.12"]
[Round "1.30"]
[White "Kasantsev,A"]
[Black "Fedotov,Nikita2"]
[Result "1/2-1/2"]
[WhiteElo "2109"]
[BlackElo "1793"]

1.d4 d5 2.c4 c6 3.Nf3 Nf6 4.Qc2 dxc4 5.Qxc4 Bf5 6.Nc3 e6 7.g3 Nbd7 8.Bg2 Be7
9.O-O O-O 10.Nh4 Nb6 11.Qb3 Qxd4 12.Nxf5 exf5 13.Be3 Qb4 14.Qc2 Nc4 15.Bc1 Nd6
16.a3 Qg4 17.Bf4 Qg6 18.Qb3 Nfe8 19.Na4 Nb5 20.Rfd1 Nf6 21.Be3 Rfe8 22.Nc5 f4
23.gxf4 Bxc5 24.Bxc5 Qh5 25.Rac1 Ne4 26.Qf3 Qxf3 27.Bxf3 Nxc5 28.Rxc5 Rad8  1/2-1/2

[Event "35th Open"]
[Site "Fourmies FRA"]
[Date "2011.06.13"]
[Round "6.11"]
[White "Cossin,S"]
[Black "Marchyllie,B"]
[Result "1-0"]
[WhiteElo "2508"]
[BlackElo "2158"]

1.d4 d5 2.Nf3 Nf6 3.c4 c6 4.Qc2 g6 5.g3 Bg7 6.Bg2 O-O 7.O-O Ne4 8.Nc3 Bf5
9.Qb3 Nxc3 10.bxc3 b6 11.cxd5 cxd5 12.Ng5 e6 13.e4 dxe4 14.Nxe4 Nc6 15.Ba3 Na5
16.Qa4 Rc8 17.Bxf8 Bxf8 18.Rac1 h5 19.Rfd1 Bh6 20.f4 Nc4 21.Re1 Rc7 22.h4 Bg7
23.Nf2 Nd6 24.Bf1 Qa8 25.Qd1 Qd5 26.a4 Bf6 27.Kh2 Nc4 28.Nd3 Bg4 29.Qc2 Bf5
30.Qf2 Nd6 31.Bg2 Qb3 32.Qb2 Qxa4 33.Ne5 Qe8 34.Qb3 b5 35.d5 Nc4 36.Nxc4 Rxc4
37.d6 Qd7 38.Red1 Bg4 39.Rd2 a5 40.Bf1 Rc5 41.c4 b4 42.Qe3 Rc8 43.c5 Bc3
44.Rxc3 bxc3 45.Qxc3 e5 46.fxe5 a4 47.Bg2 Qa7 48.c6 a3 49.Ra2  1-0

[Event "Voronezh Master Open"]
[Site "Voronezh RUS"]
[Date "2011.06.13"]
[Round "2.15"]
[White "Sukhareva,E"]
[Black "Efanov,N"]
[Result "1/2-1/2"]
[WhiteElo "2194"]
[BlackElo "2413"]

1.d4 d5 2.Nf3 Nf6 3.c4 c6 4.Qc2 dxc4 5.Qxc4 Bf5 6.Nc3 e6 7.g3 Nbd7 8.Bg2 Be7
9.O-O O-O 10.e3 Ne4 11.Rd1 Qa5 12.Qb3 Qb4 13.Qxb4 Bxb4 14.Nb1 a6 15.Nfd2 Nxd2
16.Bxd2 a5 17.a3 Be7 18.Nc3 Bc2 19.Rdc1 Bb3 20.Nb1 e5 21.Bc3 exd4 22.Bxd4 Bf6
23.Bxf6 Nxf6 24.Nd2 Be6 25.Ne4 Nxe4 26.Bxe4 Rfd8 27.Kf1 Rd2 28.Rc2 Rad8 29.Ke1 Rxc2
30.Bxc2 Kf8 31.Rd1 Rxd1+ 32.Kxd1 Ke7 33.Kd2 Kd6 34.e4 g5 35.f4 gxf4 36.gxf4 f6
37.Kc3 b5 38.Bd3 Bd7 39.b4 axb4+ 40.axb4 c5  1/2-1/2

[Event "Voronezh FIDE Open"]
[Site "Voronezh RUS"]
[Date "2011.06.13"]
[Round "2.30"]
[White "Fedotov,Nikita2"]
[Black "Chernov,Vl2"]
[Result "1-0"]
[WhiteElo "1793"]
[BlackElo "2004"]

1.d4 d5 2.c4 c6 3.Nf3 Nf6 4.Qb3 Nbd7 5.g3 g6 6.Bg2 Bg7 7.O-O O-O 8.cxd5 cxd5
9.Nc3 Nb6 10.Ne5 Be6 11.a4 Rb8 12.Rd1 Ne4 13.a5 Nc4 14.Nxe4 dxe4 15.Nxc4 Qd5
16.Bf4 Rbc8 17.Rac1 f5 18.Bg5 Rfe8 19.Qa4 h6 20.Be3 Bd7 21.Qb4 Bb5 22.b3 Rcd8
23.f3 Bc6 24.fxe4 fxe4 25.Qc5 Qe6 26.h3 Rd5 27.Qxa7 Rb5 28.Nd2 Rd8 29.a6 Bd5
30.axb7 Rxb7 31.Qa5 Rdb8 32.Kh2 h5 33.Bf4 Rf8 34.Rc5 Bxb3 35.Nxb3 Qxb3 36.Qd2 Ra8
37.Bxe4 Ra2  1-0

[Event "Voronezh Master Open"]
[Site "Voronezh RUS"]
[Date "2011.06.13"]
[Round "2.16"]
[White "Kurukin,D"]
[Black "Popelyshev,I"]
[Result "1-0"]
[WhiteElo "2409"]
[BlackElo "2155"]

1.d4 d5 2.c4 c6 3.Nf3 Nf6 4.Qc2 g6 5.Bf4 Bf5 6.Qb3 Qb6 7.e3 Na6 8.Nc3 Qxb3
9.axb3 Nb4 10.Ra4 Nd3+ 11.Bxd3 Bxd3 12.Kd2 Bf5 13.cxd5 Nxd5 14.Nxd5 cxd5
15.Rc1 f6 16.Raa1 Bd7 17.Ne1 Bc6 18.Nd3 e6 19.Bc7 Kd7 20.Ba5 Bd6 21.f4 Rhc8
22.Bb4 Bxb4+ 23.Nxb4 a5 24.Nd3 b6 25.Rc3 Bb5 26.Nf2 Rxc3 27.bxc3 Rc8 28.h4 Ke7
29.g4 h6 30.Rh1 Rh8 31.Rc1 Rc8 32.Nh3 g5 33.hxg5 hxg5 34.fxg5 fxg5 35.Nxg5 Rg8
36.Nf3 Rxg4 37.c4 Rg2+ 38.Kd3 Ba6 39.Rh1 b5 40.Rh7+ Kf8 41.cxd5 b4+ 42.Ke4 exd5+
43.Kxd5 a4 44.bxa4 b3 45.Rh8+ Kg7 46.Rb8 b2 47.Ne5 Be2 48.Kc5 Bd1 49.Nc4 Bxa4
50.Rxb2  1-0